Statistics for California Bodies of Water

Click here to take the quiz!

General Stats

  • This quiz has been taken 12 times
  • The average score is 4 of 8

Answer Stats

Answer% Correct
Lake Tahoe
100%
San Francisco Bay
100%
Salton Sea
70%
Mono Lake
60%
Lake Shasta
30%
Lake Berryessa
20%
Lake Oroville
20%
Lake Almanor
10%

Score Distribution

Percentile by Number Answered

Percent of People with Each Score

Your Score History

You have not taken this quiz